Law of arbitration and conciliation

Сохранить в:
Библиографические подробности
Главный автор: Singh, Avtar
Формат:
Опубликовано: New Delhi : Orient Pub. Co., 1998.
Редактирование:9th ed. /
Предметы:
Метки: Добавить метку
Нет меток, Требуется 1-ая метка записи!

MARC

LEADER 00000cam a2200000 a 4500
005 20260414080421.0
020 |a 9350287463  |c TZS 71,000/= 
040 |a MCCL  |b eng.  |e AACR 2nd rev. ed. 
082 0 0 |a 347.09 SIN 
100 1 |a Singh, Avtar 
245 1 0 |a Law of arbitration and conciliation 
246 1 4 |a Law of arbitration and conciliation 
250 |a 9th ed. /  |b thoroughly revised by P.K. Majumdar. 
260 |a New Delhi :  |b Orient Pub. Co.,  |c 1998. 
300 |a clxviii, 1296 p. ;  |c 25 cm. 
500 |a Includes index. 
546 |a eng. 
650 0 |a Arbitration  
942 |c BK 
999 |c 12590  |d 12590